NFL Pro Bowl Tight Ends 2000s - Statistics

General Stats
  • This quiz has been taken 142 times
    19 since last reset
  • The average score is 33 of 52
Answer Stats
Season Team Player % Correct
2009 Cowboys Jason Witten
100%
2008 Cowboys Jason Witten
100%
2007 Cowboys Jason Witten
100%
2006 Cowboys Jason Witten
100%
2005 Cowboys Jason Witten
100%
2004 Cowboys Jason Witten
100%
2008 Chiefs Tony Gonzalez
100%
2007 Chiefs Tony Gonzalez
100%
2006 Chiefs Tony Gonzalez
100%
2005 Chiefs Tony Gonzalez
100%
2004 Chiefs Tony Gonzalez
100%
2003 Chiefs Tony Gonzalez
100%
2002 Chiefs Tony Gonzalez
100%
2001 Chiefs Tony Gonzalez
100%
2000 Chiefs Tony Gonzalez
100%
2009 Chargers Antonio Gates
94%
2008 Chargers Antonio Gates
94%
2007 Chargers Antonio Gates
94%
2006 Chargers Antonio Gates
94%
2005 Chargers Antonio Gates
94%
2004 Chargers Antonio Gates
94%
2009 Colts Dallas Clark
72%
2009 49ers Vernon Davis
72%
2009 Steelers Heath Miller
61%
2006 Giants Jeremy Shockey
61%
2005 Giants Jeremy Shockey
61%
2003 Giants Jeremy Shockey
61%
2002 Giants Jeremy Shockey
61%
2007 Browns Kellen Winslow
56%
2001 Ravens Shannon Sharpe
56%
2008 Redskins Chris Cooley
50%
2007 Redskins Chris Cooley
50%
2002 Eagles Chad Lewis
44%
2001 Eagles Chad Lewis
44%
2000 Eagles Chad Lewis
44%
2003 Ravens Todd Heap
44%
2002 Ravens Todd Heap
44%
2006 Falcons Alge Crumpler
33%
2005 Falcons Alge Crumpler
33%
2004 Falcons Alge Crumpler
33%
2003 Falcons Alge Crumpler
33%
2003 Packers Bubba Franks
33%
2002 Packers Bubba Franks
33%
2001 Packers Bubba Franks
33%
2008 Texans Owen Daniels
33%
2000 Titans Frank Wycheck
17%
2001 Colts Ken Dilger
11%
2001 Panthers Wesley Walls
11%
2001 Vikings Byron Chamberlain
6%
2006 Buccaneers Dave Moore
6%
2001 Broncos Dwayne Carswell
6%
2000 Redskins Stephen Alexander
6%
No matching quizzes found
Score Distribution
Percent of People with Each Score
Percentile by Number Answered
Your Score History
You have not taken this quiz since the last reset